000
00228nam a22000857a 4500
008
160706b xxu||||| |||| 00| 0 eng d
100
_9
2355
_a
Haloi, G
245
_a
Frogs and a Snake
260
_a
New Delhi
_b
National Book Trust
_c
1995
999
_c
2032
_d
2032